A Descriptive Catalogue of the Tibetan Lhasa: Zhol Edition: (Record no. 208189)
[ view plain ]
| 000 -LEADER | |
|---|---|
| fixed length control field | 00659nam a22002057a 4500 |
| 005 - DATE AND TIME OF LATEST TRANSACTION | |
| control field | 20250108114030.0 |
| 010 ## - LCCN (DPL NO) | |
| LC control number | ENG-143242 |
| 020 ## - INTERNATIONAL STANDARD BOOK NUMBER | |
| Terms of availability | 850.00 |
| International Standard Book Number | 9789381574195 |
| 035 ## - SYSTEM CONTROL NUMBER | |
| System control number | EN-126774 |
| 037 ## - SOURCE OF ACQUISITION | |
| Source of stock number/acquisition | DBAD/PUB |
| 082 ## - DEWEY DECIMAL CLASSIFICATION NUMBER | |
| Classification number | 915.1504 |
| 100 ## - MAIN ENTRY--PERSONAL NAME | |
| Personal name | Pathak,Suniti Kumar |
| 245 ## - TITLE STATEMENT | |
| Title | A Descriptive Catalogue of the Tibetan Lhasa: Zhol Edition: |
| Remainder of title | Kangur : Rgyud (Tantra) |
| Statement of responsibility, etc | By Suniti Kumar Pathak |
| 260 ## - PUBLICATION, DISTRIBUTION, ETC. (IMPRINT) | |
| Place of publication, distribution, etc | Kolkata |
| Name of publisher, distributor, etc | Professor Manabendu Banerjee |
| Date of publication, distribution, etc | 2014 |
| 270 ## - ADDRESS | |
| City | Kolkata |
| Address | The Asiatic Society 1 park Street |
| Postal code | 700016 |
| 300 ## - PHYSICAL DESCRIPTION | |
| Extent | 502p. |
| Dimensions | 22cm(hbk) |
| 700 ## - ADDED ENTRY--PERSONAL NAME | |
| 9 (RLIN) | 75508 |
| 700 ## - ADDED ENTRY--PERSONAL NAME | |
| 9 (RLIN) | 75509 |
| 942 ## - ADDED ENTRY ELEMENTS (KOHA) | |
| Source of classification or shelving scheme | Dewey Decimal Classification |
| Item type | English Books |
| Classification part | 915.1504 |
| Call number suffix | PAT |
| Withdrawn status | Lost status | Not for loan | Collection code | Home library | Current library | Date acquired | Source of acquisition | Cost, normal purchase price | Full call number | Barcode | Copy number | Cost, replacement price | Koha item type |
|---|---|---|---|---|---|---|---|---|---|---|---|---|---|
| Non-fiction | Kadipur | Kadipur | 08/01/2025 | DBAD | 850.00 | 915.1504 PAT | EN-126774 | 1 | 850.00 | English Books |
